000 00392nam a2200157Ia 4500
005 20241107144654.0
008 240126s9999 xx 000 0 und d
020 _a9780070655768
082 _a647.94 AND;1 R
100 _aAndrews, Sudhir.
245 0 _aFront office management and operations
260 _bTMH
_aNew Delhi
_c2008
300 _axxv, 463
440 _aNULL
942 _cPU
999 _c277212
_d277212